Quizzes
Events
Quiz Creation
Community
Videos
Private Events
Remove Ads
Sign In
Join for FREE
Feedback
Dark Mode
Quiz Categories
Sports
Geography
Music
Movies
Television
Just For Fun
Miscellaneous
History
Literature
Language
Science
Gaming
Entertainment
Religion
Holiday
For Kids
Quiz Lab
Recent
Popular Today
Quiz Kudos Today
Editor Picks
Curator Picks
Quizzes by...
Day
Popularity
Type
Ratings
Length
Year
Community
Subscriptions
Recent Discussions
Orange Saloon
Badges
Playlists
Quests
Create
Leaderboards
Showdown
Live 5
Trivia Bingo
Activity
Puzzle Library
Sporcle Events
Private Events
Virtual Trivia
Globe League
Become a Host
Pub Owners
SporcleCon
Opinionation
Our Games
Videos
Blog
Mobile Apps
Partnerships
Remove Ads and Go Orange
Feedback
Sports
Athletes
MLB
NBA
NHL
NFL
Soccer
Sports Teams
WWE
NCAA
Football
Premier League
Basketball
Baseball
Hockey
Golf
Tennis
Cricket
Rugby
Auto Racing
Olympics
World Cup
Sports
Athletes
MLB
NBA
NHL
NFL
Soccer
Sports Teams
WWE
NCAA
Football
Premier League
Basketball
Baseball
Hockey
Golf
Tennis
Cricket
Rugby
Auto Racing
Olympics
World Cup
Random Quiz
Search Sporcle
×
Quiz Lab
Quiz Lab
Sports
City
Type in answers that appear in a list
Type in answers that appear in a list
Classic
Best Score? Go Orange.
Modern Olympic Host Cities Stats
Can you name the olympic cities?
By
SuperSebastian
10m
60 Questions
289 Plays
289 Plays
289 Plays
Comments
Comments
Give Quiz Kudos
Give Quiz Kudos
-
- Ratings
hide this ad
More Info
Replay
Link that replays current quiz
Next Quiz
Link to next quiz in quiz playlist
You Got
0%
They Got
Avg Score
68%
Avg Friend Score
Upgrade to see
Score Distribution
Jump to the score distribution portion of the page
Score
0/60
Timer
10:00
0
Plays Today
Year
Answer
% Correct
1908
London
99%
1944
London (cancelled because of World War II)
99%
1948
London
99%
2012
London
99%
1896
Athens
97.6%
2004
Athens
97.6%
2008
Beijing
94.1%
1916
Berlin (cancelled because of World War I)
92%
1936
Berlin
92%
1900
Paris
91.3%
1924
Paris
91.3%
1932
Los Angeles
91%
1984
Los Angeles
91%
2000
Sydney
90.7%
1996
Atlanta
88.9%
1980
Moscow
88.2%
1992
Barcelona
88.2%
2010
Vancouver
86.9%
1960
Rome
85.1%
1940
Tokyo (cancelled because of World War II)
84.8%
1964
Tokyo
84.8%
2016
Rio de Janiero
83.7%
1972
Munich
82%
2002
Salt Lake City
81.3%
1988
Seoul
80.6%
2006
Turin
79.6%
1976
Montreal
77.2%
1968
Mexico City
76.8%
1912
Stockholm
72.7%
1956
Stockholm only equestrian events
72.7%
Year
Answer
% Correct
1940
Helsinki (cancelled because of World War II)
68.9%
1952
Helsinki
68.9%
1932
Lake Placid
67.8%
1952
Oslo
67.8%
1980
Lake Placid
67.8%
1998
Nagano
66.1%
1928
Amsterdam
65.7%
1956
Melbourne without equestrian events
65.1%
1988
Calgary
64.7%
1994
Lillehammer
63%
1904
St. Louis
60.9%
2014
Sochi
57.1%
1984
Sarajevo
56.7%
1920
Antwerp
49.8%
1992
Albertville
49.1%
1964
Innsbruck
46.4%
1976
Innsbruck
46.4%
1928
St. Moritz
41.9%
1940
St. Moritz (cancelled because of World War II)
41.9%
1948
St. Moritz
41.9%
1960
Squaw Valley
40.8%
1940
Sapporo (cancelled because of World War II)
40.1%
1972
Sapporo
40.1%
1924
Chamonix
33.9%
1968
Grenoble
33.6%
1944
Cortina d'Ampezzo (cancelled because of World War II)
26%
1956
Cortina d'Ampezzo
26%
1936
Garmisch-Partenkirchen
24.9%
1940
Garmisch-Partenkirchen (cancelled because of World War II)
24.9%
1976
Denver but rejeted
20.4%
Quiz Playlist
Details
Report
Send in Message
Add To Playlist
More Info:
This is all the Modern Olympic games from 1896-2016.
Classic:
Type in answers that appear in a list
Last Updated: Feb 16, 2017
Quiz Scoreboard
CHALLENGE
Sign Up to Join the Scoreboard
Show All
Scores
Hide
Comments
May contain spoilers
Recently Published
Billboard Blitz: Fleetwood Mac
by CooCooCachoo
Music
15s
Presidents Visiting Landmarks
by Hejman
History
7m
An Introduction to Baseball
by treessimontrees
Sports
5m
More to Explore
Quiz From the Vault
Featured Blog Post
Where Did the Easter Bunny Come From?
hide this ad
You Might Also Like...
Tags
City Quiz
Country Quiz
Olympics Quiz
2010 Olympics
host
Host Cities
Michael Phelps
Modern
Modern Cities
Today's Top Quizzes in Sports
Browse Sports
hide this ad
Today's Top Quizzes in City
Browse City
Top Contributed Quizzes in Sports
1
Les meilleurs buteurs des matchs entre le PSG et l’OM
2
2022 World Cup Stars
3
FIFA Club World Cup Champions
4
Les entraîneurs de l'OM et du PSG au 21e siècle
5
Criteria MLB: Left Handed Sluggers
6
AFC Teams Reveal (Wrong Answers Minefield)
7
5-to-1: UK Sports Teams
8
Name the Premier League winners with different clubs
9
5-to-1: FBS Animal Nicknames
10
Players with Multiple 50 Home Run Seasons
Explore More
Trending Topics
Marvel
Anime
Disney
NBA
Kpop
Harry Potter
Crossword
WWE
The Office
Soccer
Country
Song
Puzzle
Pokémon
NFL
hide this ad
More By:
SuperSebastian
Quiz
Plays
Rating
Category
Featured
Created
Countries with the Most Christians
2,780
4.14
Religion
Mar 31, 2010
Biggest US Cities that Contain each Letter
2,708
3.67
Geography
Apr 15, 2010
Airbus Planes
2,119
4.50
Miscellaneous
Mar 29, 2010
Religions of the World
2,045
1.90
Religion
Mar 12, 2010
Super Duper Easy Game
1,535
2.93
Miscellaneous
Mar 9, 2010
Go to Creator's Profile
Score Distribution
Quiz Creator Spotlight
SuperSebastian
Follow
Send a Message
Quizzes Created
-
Created Quiz Play Count
-
More By This Creator
Popular Quizzes Today
1
Find the US States - No Outlines Minefield
2
Find the Countries of Europe - No Outlines Minefield
3
The Countries of the World
4
Find the US States
5
Risky Map Clicking: Biggest States A-Z
6
US States
7
Popular People in 1961
8
Movies - When Are They Set?
More Sports Quizzes
Euro 2020 Team of the Tournament
Editor's Pick
Trending Quizzes
Risky Map Clicking: Least Populous States A-Z
1-10 Letter G Words
1-10 Letter F Words
Risky Map Clicking: Next State Alphabetically
Risky Map Clicking: Biggest States A-Z
Recently Updated
Leaping Animals
pecheneg
Reality TV Shows (A-Z)
bhenderson79
Rickey Henderson's Hall of Fame Teammates
pecheneg
Champions League XIs: Arsenal
pecheneg
Quick Pick: Celebrities in WWE's Hall of Fame
aduchscher
A-Z Keypad Blitz II
pecheneg
Multiple Oscar Actors
pecheneg
Mystery Phrase Blitz: Oscar 'Best Actors'
pecheneg
F. Scott Fitzgerald Novels
LTH
Pick 3 Villains
ddd62291
Trending Topics
NBA
Anime
Marvel
Disney
Crossword
Kpop
Harry Potter
Puzzle
Soccer
WWE
Country
NFL
Song
Pokémon
The Office
Your Account Isn't Verified!
In order to create a playlist on Sporcle, you need to verify the email address you used during registration. Go to your
Sporcle Settings
to finish the process.
Report this User
Report this user for behavior that violates our
Community Guidelines
.
Details:
Send Report
Go to the Sporcle.com Mobile Site →
Comments